Livro

Economía internacional : Teorías clásica, neoclásicas y su evidencia histórica

Na minha lista:
Detalhes bibliográficos
Autor principal: Villarreal, René
Formato: Livro
Idioma:espanhol
Publicado em: México, DF : Fondo de Cultura Económica, 1989
coleção:Lecturas ; v. 30
Assuntos:

MARC

LEADER 00000nam#a2200000#a#4500
001 010492
003 AR-BeUNQ
005 20251215154041.0
008 950802s1989####mx##################spa#d
999 |c 12908  |d 88295 
020 |a 9681631099 
040 |a AR-beUNQ  |e aacr 
099 |a 05-V3 
100 1 |a Villarreal, René 
245 0 0 |a Economía internacional : Teorías clásica, neoclásicas y su evidencia histórica  |c René Villarreal. 
260 |a México, DF :  |b Fondo de Cultura Económica,  |c 1989 
490 0 |a Lecturas ;  |v v. 30 
505 0 |a v.1. Teoría clásicas y su evidencia histórica 
594 |b LICENCIATURA EN ECONOMIA DEL DESARROLLO  |c TEORIAS DEL COMERCIO INTERNACIONAL  |d 2016 
594 |b LICENCIATURA EN COMERCIO INTERNACIONAL  |c ECONOMIA INTERNACIONAL  |d 2015 
650 7 |a TEORIAS ECONOMICAS  |2 Spines 
650 7 |a ECONOMIA CLASICA  |2 Spines 
650 7 |a HISTORIA DEL PENSAMIENTO ECONOMICO  |2 Spines 
650 7 |a RELACIONES ECONOMICAS INTERNACIONALES  |2 Spines 
650 7 |a COMERCIO INTERNACIONAL  |2 Spines 
650 7 |a MODELOS ECONOMICOS  |2 Spines 
650 7 |a CRECIMIENTO ECONOMICO  |2 Spines 
650 7 |a RENTA  |2 Spines 
650 7 |a DESARROLLO ECONOMICO  |2 Spines 
650 7 |a CAPITALIZACION  |2 Spines 
650 7 |a CAPITALISMO  |2 Spines 
650 7 |a PROTECCIONISMO  |2 Spines 
650 7 |a COLONIALISMO  |2 Spines 
651 7 |a AMERICA LATINA  |2 toit 
651 7 |a BRASIL  |2 Spines 
651 7 |a MEXICO  |2 Spines 
651 7 |a ESTADOS UNIDOS  |2 toit 
929 |a COMPRA  |b FCE  |c Exp. 827-0488/95  |d 8,75  |e 19950728  |j 11700 
929 |a COMPRA  |b FCE  |c Exp. 827-0488/95  |d 8,75  |e 19950728  |j 12905 
942 |c LIB  |n 0